Rozpoznaj kraj na EarthMC dzięki jego rekordzie. - Statystyki

Ogólne statystyki
  • Ten quiz został rozwiązany 5 razy
  • Średni wynik to 6 z 25
Statystyki odpowiedzi
Hint Odpowiedź % Poprawnych
Największa Populacja Niemcy
75%
Największa Gospodarka Polska
75%
Najgroźniejsze Imperium Austria
25%
Największy % Populacji Nie Ma Swojego Domu Białoruś
25%
Najsłabsze Faszystowskie Państwo Pod Względem Militarnym Bułgaria
25%
Największy % zginiętych ludzi podaczas II Wojny Czechy
25%
Jedyny Warsztat Dania
25%
Największy % Imigrantów w Całej Populacji Estonia
25%
Największy Chaos Polityczny Finlandia
25%
Największy Kraj Francja
25%
Najstarszy Kraj Który Teraz Istnieje Grecja
25%
Największa Kolej Podwodna Irlandia
25%
Najlepszy Przyjaciel Niemiec Od Zawsze Litwa
25%
W Tym Kraju Został Użyty Żelazny Golem Do Obrony Łotwa
25%
Najładniejsze Drogi Portugalia
25%
Najnowszy Zamek Słowacja
25%
Największa Zbrojownia Ukraina
25%
Największy Producent Ciuchów Węgry
25%
Najpotężniejszy Militarnie Wielka Brytania
25%
Najlepszy Hotel Włochy
25%
To Państwo Wznieciło Wojnę w Której Brało Udział Najwięcej Państw (Po Meteorycie) Belgia
0%
Największy Dochód/Zarobki Na Mieszkańca Floryda
0%
Najładniejszy Most Holandia
0%
W Pewnym Momencie Byli Największym Państwem Kiedykolwiek Moskwa
0%
Najstarszy Zamek Prusy
0%
Nie znaleziono quizów pasujących do podanych kryteriów
Rozkład punktacji
Procent ludzi z każdym wynikiem
Percentyl według liczby udzielonych odpowiedzi
Twoja historia wyników
Nie rozwiązałeś tego quizu